Test wiedzy ogólnej - Statystyki

Ogólne statystyki
  • Ten quiz został rozwiązany 73 razy
  • Średni wynik to 6 z 10
Statystyki odpowiedzi
Zagadnienie Odpowiedź % Poprawnych
Co zgubił Kopciuszek uciekając z balu? But
100%
Fototaksja to ruch organizmu będący reakcją na: światło
81%
Jeśli w Warszawie jest 22 grudnia, godz. 22:00, to w Wellington (Nowa Zelandia) jest: 23 grudnia, godz. 10:00
72%
Pierwszy człowiek, który znalazł się w przestrzeni kosmicznej pochodził z: ZSRR
72%
W procesie mitozy z jednej komórki powstają: dwie diploidalne komórki
63%
Osad powstający w jaskini, mający formę sopla zwisającego z "sufitu" jaskini to: stalaktyt
59%
Reprezentacja którego kraju wygrała pierwsze mistrzostwa świata w piłce nożnej w 1930 roku? Urugwaju
44%
Ciecz płynie szybciej w rurze o średnicy: mniejszej
41%
"Marsz turecki" to III część "XI Sonaty fortepianowej" autorstwa: W. A. Mozarta
34%
Ile kolonii brytyjskich na terenie Ameryki Północnej zbuntowało się przeciwko królowi brytyjskiemu w 1775 roku? 13
16%
Nie znaleziono quizów pasujących do podanych kryteriów
Rozkład punktacji
Procent ludzi z każdym wynikiem
Percentyl według liczby udzielonych odpowiedzi
Twoja historia wyników
Nie rozwiązałeś tego quizu